Music Quiz

Random Music or Clickable Quiz

Four Artist Song Sort Quiz Stats

 Plays Quiz Updated Mar 29, 2016

Challenge
Share
Tweet
Embed
Score 0/40 Timer 04:00
9 Plays Today
% Correct
Dancing Queen
91%
Mamma Mia
84.7%
99 Problems
81.7%
Big Pimpin'
81.2%
Enter Sandman
81.1%
Empire State of Mind
77.8%
Master of Puppets
76%
Take a Chance on Me
75.9%
Friends in Low Places
75.6%
Gimme! Gimme! Gimme! (A Man After Midnight)
75.5%
Chiquitita
74.4%
Fernando
74.3%
Fade to Black
73.8%
Hard Knock Life
72.7%
Izzo (H.O.V.A.)
70.4%
Voulez-Vous
69.6%
For Whom the Bell Tolls
69.3%
'03 Bonnie & Clyde
68.3%
Creeping Death
68%
Money, Money, Money
67.9%
% Correct
Much Too Young (To Feel This Damn Old)
67.2%
Seek & Destroy
66.1%
The Thunder Rolls
64.7%
If Tomorrow Never Comes
63.2%
Nothing Else Matters
62%
The Dance
61.7%
The Winner Takes It All
61%
Run This Town
59.6%
Dirt Off Your Shoulder
57.9%
Super Trouper
57.6%
… And Justice For All
57.4%
The River
56.9%
The Unforgiven
56.6%
Unanswered Prayers
55.3%
Standing Outside the Fire
51.2%
D'Evils
47.5%
Renegade
44.1%
More Than a Memory
43.9%
We Shall Be Free
40.8%
Hero of the Day
36.9%

You're not logged in!

Compare scores with friends on all Sporcle quizzes.
OR
Log In

You Might Also Like...

Show Comments

Extras

Top Quizzes Today


Score Distribution

Your Account Isn't Verified!

In order to create a playlist on Sporcle, you need to verify the email address you used during registration. Go to your Sporcle Settings to finish the process.

Report this User

Report this user for behavior that violates our Community Guidelines.

Details: